Storia del Reame di Napoli dal 1734 sino al 1825 del Generale / (Record no. 45794)
[ view plain ]
| 000 -LEADER | |
|---|---|
| campo de control de longitud fija | 00618nam a2200181 i 4500 |
| 001 - NÚMERO DE CONTROL | |
| campo de control | 45794 |
| 003 - IDENTIFICADOR DE NÚMERO DE CONTROL | |
| campo de control | ES-MaACL |
| 007 - CAMPO FIJO DE DESCRIPCIÓN FÍSICA--INFORMACIÓN GENERAL | |
| campo de control de longitud fija | t| |
| 008 - DATOS DE LONGITUD FIJA--INFORMACIÓN GENERAL | |
| campo de control de longitud fija | 030327s1837 it ||||1| ita d |
| 100 1# - ENTRADA PRINCIPAL--NOMBRE DE PERSONA | |
| Nombre de persona | Colletta, Pietro. |
| 9 (RLIN) | 39695 |
| 245 10 - MENCIÓN DEL TÍTULO | |
| Título | Storia del Reame di Napoli dal 1734 sino al 1825 del Generale / |
| Mención de responsabilidad, etc. | Pietro Colletta. |
| 260 ## - PUBLICACIÓN, DISTRIBUCIÓN, ETC. | |
| Lugar de publicación, distribución, etc. | Parigi : |
| Nombre del editor, distribuidor, etc. | Bandry, |
| Fecha de publicación, distribución, etc. | 1837. |
| 300 ## - DESCRIPCIÓN FÍSICA | |
| Extensión | 2 v. ; |
| Dimensiones | 22 cm. |
| 490 1# - MENCIÓN DE SERIE | |
| Mención de serie | Collezione de migliori autori italiani antichi e moderni ; |
| Designación de volumen o secuencia | 35 y 36 |
| 830 0# - PUNTO DE ACCESO ADICIONAL DE SERIE-TÍTULO UNIFORME | |
| Título uniforme | Collezione de' miglori autori italiani antichi e moderni |
| Designación de volumen o secuencia | 35 y 36 |
| 9 (RLIN) | 221518 |
| 852 ## - LOCALIZACIÓN | |
| Ubicación | ES-MaACL |
| Número de control de estantería | G-2895-6 |
| Estatus retirado | Estado de pérdida | Estado de daño | No para préstamo | Colección | Biblioteca de origen | Biblioteca actual | Ubicación en estantería | Fecha de adquisición | Fuente de adquisición | Total de préstamos | Signatura topográfica completa | Código de barras | Visto por última vez | Precio de reemplazo | Tipo de ítem Koha |
|---|---|---|---|---|---|---|---|---|---|---|---|---|---|---|---|
| Libros del s. XIX | Biblioteca del Ateneo de Madrid | Biblioteca del Ateneo de Madrid | Depósito 2 | 17/01/2008 | G-2895-6 | 1048178 | 23/02/2023 | 23/02/2023 | Libro impreso antiguo |
